Nehnuteľnosti

Z obsahu: Stavať cenovo prístupné byty pre široké vrstvy obyvateľstva nie je ryžovaním zlata na Aljaške, hovorí predstaviteľ Renosu. Služobné byty sa budú v armáde prideľovať už len na dobu určitú. Pripravuje sa výstavba piateho bratislavského mosta cez Dunaj.

Gespeichert in:
Bibliographische Detailangaben
1. Verfasser: Zverková, Daniela
Format: Buch
Sprache:Slowakisch
Schlagworte:
Tags: Tag hinzufügen
Keine Tags, Fügen Sie das erste Tag hinzu!

MARC

LEADER 00000nam a2200000 4500
001 r030549
005 20230921083355.9
041 0 |a slo 
044 |a SK 
245 1 0 |a Nehnuteľnosti  |c Daniela Zverková 
520 |a Z obsahu: Stavať cenovo prístupné byty pre široké vrstvy obyvateľstva nie je ryžovaním zlata na Aljaške, hovorí predstaviteľ Renosu. Služobné byty sa budú v armáde prideľovať už len na dobu určitú. Pripravuje sa výstavba piateho bratislavského mosta cez Dunaj. 
610 2 0 |a byty 
610 2 0 |a výstavba bytová 
610 2 0 |a ceny 
610 2 0 |a armáda 
610 2 0 |a mosty 
610 2 0 |a Dunaj 
100 1 |a Zverková, Daniela